[Event "ICS rated blitz match"]
[Site "204.178.125.65"]
[Date "1999.08.14"]
[Round "?"]
[White "Hossa"]
[Black "vitsi"]
[Result "1-0"]
[WhiteElo "2469"]
[BlackElo "2161"]
[PlyCount "107"]
[EventDate "1999.??.??"]

1. d4 c5 2. d5 e6 3. Nc3 exd5 4. Nxd5 Nf6 5. Nxf6+ Qxf6 6. e4 Nc6 7. Ne2 d6 8.
Nf4 Be6 9. Bb5 a6 10. Ba4 b5 11. Nd5 Qd8 12. Bb3 c4 13. Bf4 cxb3 14. axb3 Be7
15. Nxe7 Kxe7 16. Qd2 Ne5 17. Bxe5 dxe5 18. Qg5+ f6 19. Qxg7+ Bf7 20. Qg4 Qd7
21. Qe2 Qd4 22. c3 Qb6 23. b4 Bc4 24. Qh5 Qd8 25. Qg4 Rg8 26. Qh3 Rg7 27. Rd1
Qc8 28. Qxc8 Rxc8 29. g3 Rd8 30. Ra1 Rd6 31. Rd1 Rxd1+ 32. Kxd1 Ke6 33. Re1
Rd7+ 34. Kc2 Bd3+ 35. Kb3 Bc4+ 36. Kc2 Bd3+ 37. Kb3 Bc4+ 38. Kc2 Ke7 39. b3 Be6
40. f4 exf4 41. gxf4 f5 42. exf5 Rd6 43. h4 Kf6 44. fxe6 Ke7 45. f5 Rd8 46. Rd1
Rf8 47. Rd5 Rf6 48. Kd3 h5 49. Rd7+ Ke8 50. Ke4 Rf8 51. Ke5 Rg8 52. Ra7 Rg4 53.
Ra8+ Ke7 54. f6# {vitsi checkmated} 1-0

[Event "ICS rated blitz match"]
[Site "204.178.125.65"]
[Date "1999.08.14"]
[Round "?"]
[White "vitsi"]
[Black "Hossa"]
[Result "0-1"]
[WhiteElo "2156"]
[BlackElo "2474"]
[PlyCount "84"]
[EventDate "1999.??.??"]

1. e4 c5 2. Nf3 e6 3. d4 cxd4 4. Nxd4 a6 5. Nc3 Bb4 6. Be3 Bxc3+ 7. bxc3 Ne7 8.
c4 Qa5+ 9. Qd2 Qxd2+ 10. Kxd2 e5 11. Ne2 f5 12. f3 fxe4 13. fxe4 d6 14. Nc3 O-O
15. Nd5 Nbc6 16. Rb1 Rf7 17. Be2 a5 18. Rhf1 Rxf1 19. Bxf1 Kf8 20. c5 Nxd5 21.
exd5 Ne7 22. c4 dxc5 23. Bxc5 Kf7 24. Bd3 Ra6 25. Bxe7 Kxe7 26. c5 Rf6 27. Ke3
Kd8 28. Be4 g6 29. Rb5 Rf1 30. Rxa5 Re1+ 31. Kd3 Rd1+ 32. Ke2 Rd4 33. Ke3 Bf5
34. Bxf5 gxf5 35. c6 Kc7 36. d6+ Kxc6 37. Rxe5 Ra4 38. Rxf5 Ra3+ 39. Kf4 Rxa2
40. Rf7 Rf2+ 41. Ke5 Rxf7 42. Ke6 42... Rf2 {vitsi resigns} 0-1

[Event "ICS rated blitz match"]
[Site "204.178.125.65"]
[Date "1999.08.14"]
[Round "?"]
[White "talqualtal"]
[Black "Hossa"]
[Result "1-0"]
[WhiteElo "2274"]
[BlackElo "2478"]
[PlyCount "69"]
[EventDate "1999.??.??"]

1. e4 c5 2. Nf3 e6 3. d4 cxd4 4. Nxd4 a6 5. Bd3 Qc7 6. Nc3 d5 7. exd5 Bb4 8.
O-O Bxc3 9. bxc3 Qxc3 10. dxe6 Nf6 11. exf7+ Kxf7 12. Bg5 Bg4 13. Nf3 b5 14.
Re1 Nc6 15. Re3 Qc5 16. Bxf6 Kxf6 17. h3 Bh5 18. Qb1 Rad8 19. Qb2+ Kf7 20. Rae1
Qb4 21. Ne5+ Kg8 22. Qa1 Nxe5 23. Qxe5 Bf7 24. Qc7 Rf8 25. Re7 Qd4 26. R1e3
Qa1+ 27. Kh2 Qxa2 28. Rf3 g6 29. c4 Qd2 30. Rfxf7 Rxf7 31. Rxf7 Qc3 32. Be4 Qd4
33. Bd5 Qe3 34. Rg7+ Kf8 35. Qf7# {Hossa checkmated} 1-0

[Event "ICS rated blitz match"]
[Site "204.178.125.65"]
[Date "1999.08.14"]
[Round "?"]
[White "Hossa"]
[Black "brutus"]
[Result "1/2-1/2"]
[WhiteElo "2454"]
[BlackElo "2061"]
[PlyCount "91"]
[EventDate "1999.??.??"]

1. d4 Nf6 2. c4 g6 3. Nc3 d5 4. cxd5 Nxd5 5. e4 Nxc3 6. bxc3 Bg7 7. Bb5+ c6 8.
Bc4 O-O 9. Bg5 b5 10. Bb3 a6 11. Ne2 Bb7 12. O-O Nd7 13. Qd2 c5 14. d5 c4 15.
Bc2 Nc5 16. Rad1 Qd6 17. Bh6 e5 18. Bxg7 Kxg7 19. Ng3 f6 20. Bb1 Bc8 21. Kh1
Bg4 22. f3 Bd7 23. Bc2 Rfb8 24. Ne2 a5 25. Rc1 b4 26. Rfd1 b3 27. axb3 cxb3 28.
Bd3 a4 29. f4 a3 30. fxe5 fxe5 31. Ra1 a2 32. Qb2 Na4 33. Qd2 Qa3 34. Bc4 Nb6
35. Bxb3 Qxb3 36. Qg5 Qa3 37. Qxe5+ Kg8 38. Rf1 Rf8 39. Nf4 Qb2 40. Ne6 Bxe6
41. Qxe6+ Kg7 42. Qe7+ Kg8 43. Qe6+ Kg7 44. Qe7+ Kg8 45. Qe6+ Kg7 46. Qe7+ {
Game drawn by repetition} 1/2-1/2

[Event "ICS rated blitz match"]
[Site "204.178.125.65"]
[Date "1999.08.14"]
[Round "?"]
[White "Hossa"]
[Black "josean"]
[Result "1-0"]
[WhiteElo "2444"]
[BlackElo "2091"]
[PlyCount "101"]
[EventDate "1999.??.??"]

1. d4 e6 2. e4 b6 3. c4 Bb7 4. Nc3 d6 5. Bd3 g6 6. Nf3 Bg7 7. Bg5 Ne7 8. Qa4+
Qd7 9. Qxd7+ Kxd7 10. Bxe7 Kxe7 11. Nb5 Na6 12. O-O c6 13. Nc3 Nb4 14. Rad1
Nxd3 15. Rxd3 Ba6 16. b3 d5 17. Nd2 Rhd8 18. Rd1 Bh6 19. Rh3 Bxd2 20. Rxd2 dxc4
21. Rxh7 cxb3 22. axb3 c5 23. d5 Bb7 24. f4 exd5 25. exd5 Kf8 26. Rh8+ Kg7 27.
Rxd8 Rxd8 28. d6 Kf6 29. Nb5 a6 30. Nc7 b5 31. Re2 c4 32. bxc4 bxc4 33. Ne8+
Kf5 34. Re7 Bc6 35. Rxf7+ Ke4 36. d7 Rxd7 37. Nf6+ Kd3 38. Nxd7 Bb5 39. Ne5+
Kd4 40. Nxg6 c3 41. Rc7 Bc4 42. Ne5 c2 43. Rxc4+ Kd5 44. Rxc2 a5 45. g4 Ke4 46.
Rc4+ Kd5 47. Ra4 Kc5 48. Rxa5+ Kd4 49. Kf2 Ke4 50. Nf3 Kxf4 51. Ra4# {
josean checkmated} 1-0

[Event "ICS rated blitz match"]
[Site "204.178.125.65"]
[Date "1999.08.14"]
[Round "?"]
[White "josean"]
[Black "Hossa"]
[Result "0-1"]
[WhiteElo "2103"]
[BlackElo "2448"]
[PlyCount "56"]
[EventDate "1999.??.??"]

1. g3 Nf6 2. a3 e5 3. d3 d5 4. Bg2 Bc5 5. e3 O-O 6. b4 Bb6 7. Bb2 Re8 8. Ne2 c6
9. O-O Bg4 10. h3 Bf5 11. Nbc3 Qd7 12. Na4 Bxh3 13. c4 Bxg2 14. Kxg2 dxc4 15.
dxc4 Qf5 16. c5 Bc7 17. Ng1 Rd8 18. Qf3 Qc2 19. Rfd1 Nbd7 20. Ne2 Qxa4 21. Nc3
Qb3 22. Rdb1 a5 23. bxa5 Nxc5 24. Nd1 Qe6 25. Rc1 Nb3 26. Rc3 Nxa1 27. Bxa1 Rd2
28. Rb3 28... e4 {josean resigns} 0-1

[Event "ICS rated blitz match"]
[Site "204.178.125.65"]
[Date "1999.08.14"]
[Round "?"]
[White "Hossa"]
[Black "talqualtal"]
[Result "1-0"]
[WhiteElo "2452"]
[BlackElo "2237"]
[PlyCount "139"]
[EventDate "1999.??.??"]

1. d4 Nf6 2. c4 c5 3. d5 e5 4. Nc3 d6 5. e4 Be7 6. Bd3 Nbd7 7. Nge2 Nf8 8. O-O
h5 9. f4 exf4 10. Nxf4 g5 11. Nfe2 Ng4 12. Qb3 Ng6 13. Bb1 h4 14. Bd2 N4e5 15.
Be3 Kf8 16. Nb5 Bg4 17. Qc2 h3 18. g3 Bf3 19. Na3 Bg2 20. Qb3 Qd7 21. Rf5 Nf3+
22. Rxf3 Bxf3 23. Nc3 Ne5 24. Nc2 Bg2 25. Ne1 Kg7 26. a3 b6 27. Ra2 Qg4 28. Bf2
Nf3+ 29. Nxf3 Qxf3 30. Qd1 Bf6 31. Qxf3 Bxf3 32. Nb5 Be5 33. Be3 a6 34. Nc3
Rab8 35. Bxg5 b5 36. cxb5 axb5 37. Kf2 Bg2 38. Bf4 Kf6 39. Bxe5+ Kxe5 40. Ke3
b4 41. axb4 cxb4 42. Ne2 Ra8 43. Nc1 Rxa2 44. Nxa2 Rb8 45. Nc1 Bf1 46. Bd3 b3
47. Bxf1 Rc8 48. Nxb3 Rb8 49. Nd2 Rb4 50. Bxh3 Kf6 51. b3 Rb8 52. Bf5 Ke7 53.
h4 f6 54. h5 Rh8 55. g4 Rh6 56. Kf4 Rh8 57. Nf3 Rb8 58. Nd4 Rb4 59. Nc6+ Kf7
60. Nxb4 Kg7 61. h6+ Kxh6 62. Nc6 Kg7 63. g5 Kf8 64. gxf6 Kf7 65. e5 dxe5+ 66.
Kxe5 Kf8 67. Bg6 Kg8 68. d6 Kf8 69. d7 Kg8 70. d8=Q# {talqualtal checkmated}
1-0

[Event "ICS rated blitz match"]
[Site "204.178.125.65"]
[Date "1999.08.14"]
[Round "?"]
[White "wimpy"]
[Black "Hossa"]
[Result "0-1"]
[WhiteElo "2075"]
[BlackElo "2459"]
[PlyCount "52"]
[EventDate "1999.??.??"]

1. e4 c5 2. Nf3 e6 3. d4 cxd4 4. Nxd4 Nc6 5. Nc3 Bb4 6. Be3 Bxc3+ 7. bxc3 d5 8.
Bb5 Nge7 9. exd5 exd5 10. O-O O-O 11. c4 Nxd4 12. Bxd4 a6 13. Ba4 Qa5 14. c3
dxc4 15. Re1 Ng6 16. Qf3 Qxa4 17. Bc5 Rd8 18. Rad1 Rxd1 19. Rxd1 Bd7 20. h4
Nxh4 21. Qd5 Bc6 22. Qd4 Nxg2 23. Rd2 Ne1 24. Qg4 Nf3+ 25. Kf1 Nxd2+ 26. Ke2
26... Bf3+ {wimpy resigns} 0-1

[Event "ICS rated blitz match"]
[Site "204.178.125.65"]
[Date "1999.08.14"]
[Round "?"]
[White "Hossa"]
[Black "Slivovitz"]
[Result "1-0"]
[WhiteElo "2462"]
[BlackElo "2118"]
[PlyCount "70"]
[EventDate "1999.??.??"]

1. d4 e6 2. e4 d5 3. e5 Qd7 4. Be3 b6 5. Bd3 Ba6 6. Ne2 Bxd3 7. Qxd3 Nc6 8. O-O
Nge7 9. c3 Nf5 10. Nd2 Be7 11. Ng3 Nxg3 12. fxg3 O-O 13. Nf3 h6 14. Rf2 Na5 15.
Raf1 Nc4 16. b3 Nxe3 17. Qxe3 c5 18. g4 cxd4 19. cxd4 Rac8 20. g5 Bxg5 21. Nxg5
hxg5 22. Qxg5 Rc3 23. Rf4 Rfc8 24. Qh5 Rc1 25. Rxf7 Rxf1+ 26. Rxf1 Rc2 27. a4
Rd2 28. Qg4 Rb2 29. Rf3 Qc8 30. h3 Kh8 31. Qh5+ Kg8 32. Qf7+ Kh8 33. Rg3 Qc1+
34. Kh2 Qh6 35. Rg6 35... Qh7 {Slivovitz resigns} 1-0

[Event "ICS rated blitz match"]
[Site "204.178.125.65"]
[Date "1999.08.14"]
[Round "?"]
[White "Slivovitz"]
[Black "Hossa"]
[Result "0-1"]
[WhiteElo "2093"]
[BlackElo "2466"]
[PlyCount "29"]
[EventDate "1999.??.??"]

1. e4 c5 2. Nc3 Nc6 3. g3 g6 4. Bg2 Bg7 5. h3 d6 6. d3 Bxc3+ 7. bxc3 Rb8 8. f4
f5 9. Nf3 fxe4 10. dxe4 Nf6 11. Qe2 Nh5 12. Kf2 O-O 13. Ng5 e5 14. Bf3 exf4 15.
Bxh5 {Slivovitz resigns} 0-1

[Event "ICS rated blitz match"]
[Site "204.178.125.65"]
[Date "1999.08.14"]
[Round "?"]
[White "Hossa"]
[Black "Amateur"]
[Result "0-1"]
[WhiteElo "2472"]
[BlackElo "2470"]
[PlyCount "194"]
[EventDate "1999.??.??"]

1. e4 e5 2. Nf3 Nf6 3. d4 Nxe4 4. Bd3 d5 5. Nxe5 Nd7 6. Bxe4 dxe4 7. Qe2 Nf6 8.
c3 Qd5 9. Bg5 Bf5 10. f3 exf3 11. Nxf3+ Qe4 12. Bxf6 Qxe2+ 13. Kxe2 gxf6 14.
Nbd2 Rg8 15. Rhe1 O-O-O 16. Kf1 Rg4 17. b3 h5 18. Re3 Bh6 19. Re7 Rdg8 20. g3
Be6 21. d5 Bxd5 22. Rd1 Rd8 23. Ke1 Bf8 24. Re3 Bc5 25. Re2 Bd6 26. Re3 Bf8 27.
a4 Bc5 28. Rd3 Re8+ 29. Kf1 Bc6 30. Nh4 Reg8 31. Nf5 R4g5 32. Nd4 Rd8 33. N2f3
Rgd5 34. R3d2 Bd7 35. Kg2 Bb6 36. c4 Rd6 37. Nb5 Re6 38. b4 Be3 39. Rd5 h4 40.
c5 h3+ 41. Kh1 Ra6 42. a5 Bh6 43. Kg1 Be3+ 44. Kh1 Bg5 45. R5d4 Bh6 46. R4d3
Bg7 47. Kg1 Bf8 48. R1d2 Bg7 49. Rd1 Bh6 50. Kf2 Bf8 51. Nc3 Be7 52. Nd5 Bf8
53. Ng1 f5 54. Nxh3 Rh6 55. Ndf4 a6 56. Rb1 Bg7 57. Rd5 Rg8 58. Rbd1 Ba4 59.
R1d3 Bc2 60. Rd2 Be4 61. Rd7 Bc3 62. Rd1 Bxb4 63. Ke2 Bxc5 64. Rxf7 Bb4 65.
Rdd7 Bxa5 66. Rde7 Rc6 67. Re5 Rc2+ 68. Kf1 Rd8 69. Rf8 Rxf8 70. Rxa5 Rxh2 71.
Nf2 Bb1 72. Rc5 Rf7 73. Re5 b6 74. Re8+ Kd7 75. Re2 Kc6 76. Re1 Ba2 77. Ng6 Kd5
78. Kg1 Rh6 79. Rd1+ Kc5 80. Ne5 Rg7 81. g4 a5 82. Rd7 Rxd7 83. Nxd7+ Kd6 84.
Nxb6 cxb6 85. Nd1 fxg4 86. Nc3 Bc4 87. Ne4+ Kd5 88. Nc3+ Kd4 89. Nb1 b5 90. Kg2
Bd3 91. Nd2 Ke3 92. Kg3 a4 93. Nb1 Bxb1 94. Kxg4 Rg6+ 95. Kh3 Kf4 96. Kh2 Be4
97. Kh3 97... Rh6# {Hossa checkmated} 0-1

[Event "ICS rated blitz match"]
[Site "204.178.125.65"]
[Date "1999.08.14"]
[Round "?"]
[White "Amateur"]
[Black "Hossa"]
[Result "1-0"]
[WhiteElo "2486"]
[BlackElo "2456"]
[PlyCount "70"]
[EventDate "1999.??.??"]

1. e4 c5 2. Nf3 e6 3. d4 cxd4 4. Nxd4 Nc6 5. Nc3 Bb4 6. Nxc6 Bxc3+ 7. bxc3 bxc6
8. Qd4 f6 9. Ba3 d5 10. exd5 cxd5 11. Qg4 Kf7 12. Be2 e5 13. Qf3 Be6 14. O-O
Ne7 15. Rad1 Nf5 16. Bc4 Nh4 17. Qe3 Rc8 18. Ba6 Rc6 19. Bb5 Rb6 20. Qc5 Qa8
21. Qe7+ Kg6 22. Rd3 Nf5 23. Qb4 Nd6 24. c4 Nxc4 25. Rg3+ Kh5 26. Qe7 Rb7 27.
Qxe6 Qc8 28. Qxd5 Nxa3 29. Qf3+ Kh6 30. Rh3+ Qxh3 31. Qxh3+ Kg6 32. Qg3+ Kf7
33. Qb3+ Ke7 34. Qxa3+ Kf7 35. Bc4+ 35... Ke8 {Hossa resigns} 1-0

[Event "ICS rated blitz match"]
[Site "204.178.125.65"]
[Date "1999.08.14"]
[Round "?"]
[White "Hossa"]
[Black "Amateur"]
[Result "1/2-1/2"]
[WhiteElo "2441"]
[BlackElo "2501"]
[PlyCount "167"]
[EventDate "1999.??.??"]

1. e4 e5 2. Nf3 Nf6 3. d4 Nxe4 4. Bd3 d5 5. Nxe5 Bd6 6. Qf3 Qe7 7. Bxe4 dxe4 8.
Qe3 Bxe5 9. dxe5 Qxe5 10. f3 O-O 11. O-O Re8 12. fxe4 Qxe4 13. Qxe4 Rxe4 14.
Nc3 Re8 15. Be3 Na6 16. Rae1 Re5 17. Bxa7 Rxe1 18. Rxe1 Be6 19. Bf2 Nb4 20. a3
Na6 21. b3 Rd8 22. Be3 Bf5 23. Re2 Bg4 24. Rf2 h5 25. h3 Re8 26. Bf4 Re1+ 27.
Kh2 Be6 28. Kg3 Kh7 29. Rf3 Rg1 30. a4 Kg6 31. Kf2 Ra1 32. Rg3+ Kh7 33. Rg5 g6
34. Re5 Kg7 35. Re2 c5 36. Ne4 Rd1 37. Be5+ Kg8 38. Bd6 c4 39. Nf6+ Kg7 40.
Ne8+ Kh7 41. bxc4 Bxc4 42. Re7 Rc1 43. Kg3 Rxc2 44. Nf6+ Kg7 45. Be5 Bf1 46.
Nh7+ Kh6 47. Rxf7 Rxg2+ 48. Kh4 g5+ 49. Nxg5 Rxg5 50. Rf6+ Rg6 51. Rxf1 Rc6 52.
Bf4+ Kg6 53. Rg1+ Kf5 54. Be3 Rc4+ 55. Kxh5 Rxa4 56. Bb6 Rb4 57. Rg5+ Ke4 58.
Rg6 Rb5+ 59. Kh4 Nb4 60. Rg4+ Kf3 61. Bc7 Na6 62. Rf4+ Ke3 63. Rf7 Nxc7 64.
Rxc7 Rb2 65. Kg5 b5 66. Rb7 b4 67. h4 b3 68. Kh6 Rb1 69. h5 b2 70. Rxb2 Rxb2
71. Kg5 Rg2+ 72. Kf6 Rh2 73. Kg6 Rg2+ 74. Kf6 Rf2+ 75. Kg6 Ke4 76. h6 Rg2+ 77.
Kf6 Rg3 78. h7 Rh3 79. Kg7 Rg3+ 80. Kh8 Rc3 81. Kg7 Rg3+ 82. Kh8 Rd3 83. Kg7
Rg3+ 84. Kh8 {Game drawn by repetition} 1/2-1/2

[Event "ICS Rated blitz match"]
[Site "204.178.125.65"]
[Date "1999.08.14"]
[Round "?"]
[White "kickinnuts"]
[Black "Hossa"]
[Result "0-1"]
[WhiteElo "2088"]
[BlackElo "2444"]
[PlyCount "66"]
[EventDate "1999.??.??"]

1. e4 c5 2. Nf3 d6 3. d4 cxd4 4. Qxd4 Nc6 5. Bb5 Nf6 6. Nc3 Bd7 7. Bxc6 bxc6 8.
Bg5 e5 9. Qd2 Bg4 10. O-O-O Rb8 11. Bxf6 Qxf6 12. Qe3 Be7 13. h3 Bxf3 14. gxf3
Rb7 15. Rhg1 O-O 16. Rg4 Rfb8 17. Rdg1 Bf8 18. b3 Qe6 19. f4 f6 20. f5 Qd7 21.
Qh6 Qf7 22. Rh4 g5 23. fxg6 Bxh6+ 24. Rxh6 Qe6 25. gxh7+ Kh8 26. Rgg6 Rf8 27.
Ne2 Rxh7 28. Ng3 d5 29. Nf5 dxe4 30. Rxh7+ Kxh7 31. Rh6+ Kg8 32. Rg6+ Kf7 33.
Rg7+ 33... Ke8 {kickinnuts resigns} 0-1

[Event "ICS Rated blitz match"]
[Site "204.178.125.65"]
[Date "1999.08.14"]
[Round "?"]
[White "Hossa"]
[Black "talqualtal"]
[Result "0-1"]
[WhiteElo "2448"]
[BlackElo "2213"]
[PlyCount "114"]
[EventDate "1999.??.??"]

1. d4 Nf6 2. c4 c5 3. d5 e5 4. Nc3 d6 5. e4 Nbd7 6. Bd3 Be7 7. Nge2 Nf8 8. O-O
Ng6 9. f4 exf4 10. Nxf4 Ne5 11. Qa4+ Nfd7 12. Bc2 O-O 13. b3 g6 14. Bb2 a6 15.
Rab1 Rb8 16. Rbe1 Ra8 17. Re3 b5 18. Qa3 b4 19. Qa4 Nb6 20. Qa5 bxc3 21. Bxc3
Nbd7 22. Qa4 Bf6 23. Re2 Bg7 24. Ba5 Qe8 25. Bc7 Qe7 26. Qa5 Re8 27. Qe1 Nf6
28. Ba5 Bg4 29. Ref2 Nh5 30. Bc3 Nxf4 31. Rxf4 Bc8 32. a3 Rf8 33. Qe2 Ra7 34.
Ba5 Bh6 35. R4f2 Bg7 36. Rf4 h5 37. Qe1 Bh6 38. R4f2 h4 39. Bc3 h3 40. g3 Bg4
41. Rf6 Bg7 42. R6f4 Bc8 43. Bb1 Qg5 44. Bd2 Qh5 45. Be3 Re7 46. Qd2 Bg4 47.
Qf2 Kh8 48. Rf6 Kg8 49. Rf4 Kh7 50. Rf6 Be2 51. Rxd6 Nf3+ 52. Kh1 Bxf1 53. Qxf1
Qg4 54. Rxa6 Rxe4 55. Bxe4 Qxe4 56. Qc1 Nd2+ 57. Kg1 57... Qg2# {
Hossa checkmated} 0-1

[Event "ICS rated blitz match"]
[Site "204.178.125.65"]
[Date "1999.08.14"]
[Round "?"]
[White "talqualtal"]
[Black "Hossa"]
[Result "0-1"]
[WhiteElo "2238"]
[BlackElo "2423"]
[PlyCount "118"]
[EventDate "1999.??.??"]

1. e4 c5 2. Nf3 e6 3. d4 cxd4 4. Nxd4 e5 5. Nf3 Nc6 6. Bc4 f5 7. O-O fxe4 8.
Ng5 Nh6 9. Nc3 d6 10. Ncxe4 Bg4 11. Qd5 Qd7 12. Ne6 Bxe6 13. Qxe6+ Qxe6 14.
Bxe6 Nd4 15. Bb3 Ng4 16. c3 Nxb3 17. axb3 Nf6 18. Nxf6+ gxf6 19. Be3 a6 20. b4
Rc8 21. Rfd1 f5 22. f4 Rc4 23. fxe5 dxe5 24. Rd5 Bg7 25. Raa5 f4 26. Rxe5+ Bxe5
27. Rxe5+ Kd7 28. Bd4 Rf8 29. Rh5 Rf7 30. Kf2 Rc6 31. Kf3 Ke7 32. Re5+ Kd8 33.
Re4 Rh6 34. h3 Rg6 35. Be5 Re7 36. Rd4+ Ke8 37. Bxf4 Rge6 38. g4 Re1 39. Rd6
Rf1+ 40. Kg3 Re2 41. Rf6 Ref2 42. Kh4 Rxf4 43. Rh6 Rf7 44. Rb6 Rb1 45. b5 Rxb2
46. Re6+ Kd7 47. Re5 Rxb5 48. Re4 Rf3 49. Rd4+ Kc6 50. c4 Rbb3 51. Re4 Rxh3+
52. Kg5 Kc5 53. Kf5 Rbf3+ 54. Ke6 Re3 55. Kd7 Rxe4 56. Kc7 Rxg4 57. Kb8 Rg7 58.
Ka7 b5+ 59. Kxa6 59... Ra3# {talqualtal checkmated} 0-1

[Event "ICS rated blitz match"]
[Site "204.178.125.65"]
[Date "1999.08.14"]
[Round "?"]
[White "Hossa"]
[Black "Slivovitz"]
[Result "1-0"]
[WhiteElo "2431"]
[BlackElo "2107"]
[PlyCount "75"]
[EventDate "1999.??.??"]

1. d4 e6 2. e4 d5 3. e5 Qd7 4. Be3 b6 5. Bd3 Ba6 6. Ne2 Bxd3 7. Qxd3 Nc6 8. O-O
Nge7 9. c3 Nf5 10. Nd2 Be7 11. Ng3 Nxg3 12. fxg3 O-O 13. Nf3 Na5 14. Rac1 Nc4
15. b3 Nxe3 16. Qxe3 c5 17. Rc2 cxd4 18. cxd4 Rac8 19. Rcf2 Qc7 20. Qf4 h6 21.
Qg4 Qd7 22. Qh5 Rc3 23. g4 Qe8 24. g5 Bxg5 25. Nxg5 hxg5 26. Qxg5 Qd8 27. Qxd8
Rxd8 28. Rxf7 a5 29. Rb7 Rc2 30. Rxb6 Rxa2 31. Rxe6 Rc8 32. Rd6 Rcc2 33. Rg6
Rd2 34. Rg4 Re2 35. h3 Ra3 36. Rf3 Ra1+ 37. Kh2 Kh7 38. Rf7 {Slivovitz resigns}
1-0

[Event "ICS rated blitz match"]
[Site "204.178.125.65"]
[Date "1999.08.14"]
[Round "?"]
[White "Slivovitz"]
[Black "Hossa"]
[Result "0-1"]
[WhiteElo "2099"]
[BlackElo "2435"]
[PlyCount "44"]
[EventDate "1999.??.??"]

1. e4 c5 2. Nc3 Nc6 3. g3 g6 4. Bg2 Bg7 5. h3 d6 6. d3 Bxc3+ 7. bxc3 Rb8 8. Ne2
f5 9. exf5 Bxf5 10. O-O Qc8 11. Kh2 b6 12. Nf4 e5 13. Nd5 Be6 14. Bg5 Bxd5 15.
Bxd5 Nge7 16. Bg2 Nf5 17. Qf3 Nd8 18. g4 Ne6 19. Bf6 O-O 20. g5 Nf4 21. Qg4 h5
22. Qf3 22... Nh4 {Slivovitz resigns} 0-1

[Event "ICS rated blitz match"]
[Site "204.178.125.65"]
[Date "1999.08.14"]
[Round "?"]
[White "Hossa"]
[Black "SuperChicken"]
[Result "0-1"]
[WhiteElo "2439"]
[BlackElo "2720"]
[PlyCount "198"]
[EventDate "1999.??.??"]

1. d4 d5 2. c4 e6 3. Nc3 Nf6 4. cxd5 Nxd5 5. e4 Nf6 6. Nf3 Be7 7. Be3 O-O 8.
Bc4 Nbd7 9. O-O Nb6 10. Bd3 Bd7 11. Ne5 Be8 12. Rc1 Rc8 13. Ne2 Bb4 14. Bg5 Ba4
15. b3 Be8 16. Ng4 Be7 17. Ne3 Bc6 18. f3 Nh5 19. Bxe7 Qxe7 20. Ng4 Rfd8 21.
Ba6 Rb8 22. Qd2 f6 23. Bc4 Nxc4 24. bxc4 e5 25. d5 Qc5+ 26. Nf2 g5 27. Qc3 Bd7
28. Kh1 Rf8 29. Qd2 Nf4 30. Nxf4 gxf4 31. Rc3 Rf7 32. Qe2 Rg7 33. Re1 Rg6 34.
Qd2 Kf7 35. Rb1 Rbg8 36. Rg1 Rg5 37. Nd3 Qd4 38. Qc2 R5g6 39. Nf2 Ke7 40. Qb2
f5 41. Rc2 Qxb2 42. Rxb2 b6 43. a3 Kd6 44. Re2 Rg5 45. exf5 Bxf5 46. a4 h6 47.
Ree1 a6 48. Nd1 Bd3 49. Nb2 Bf5 50. Re2 Re8 51. Rge1 Rg7 52. Kg1 Rge7 53. g3 e4
54. gxf4 exf3 55. Rxe7 Rxe7 56. Rxe7 Kxe7 57. Kf2 Bg4 58. Nd1 h5 59. Kg3 Kd6
60. Ne3 Bd7 61. a5 bxa5 62. Kxf3 a4 63. Ke4 Kc5 64. Kd3 a3 65. Kc3 a2 66. Nc2
a5 67. Kb2 Kxc4 68. d6 cxd6 69. f5 Kd5 70. f6 Ke6 71. Kxa2 Kxf6 72. Ne3 Bb5 73.
Kb3 Ke5 74. Nc2 d5 75. Kc3 Bd7 76. Nd4 a4 77. Ne2 h4 78. Kb4 d4 79. Kc4 Be6+
80. Kb4 d3 81. Nc3 Bb3 82. Nb1 Ke4 83. Nd2+ Ke3 84. Kc3 Ba2 85. Nf1+ Ke2 86.
Nd2 a3 87. Ne4 Bd5 88. Nf6 Bf3 89. Kb3 d2 90. Kxa3 d1=Q 91. Ng8 Qd6+ 92. Ka4
Bc6+ 93. Kb3 Qd3+ 94. Kb4 Qd4+ 95. Ka3 Qc3+ 96. Ka2 Bd5+ 97. Kb1 Qb3+ 98. Kc1
Qa3+ 99. Kb1 99... Be4# {Hossa checkmated} 0-1

[Event "ICS rated blitz match"]
[Site "204.178.125.65"]
[Date "1999.08.14"]
[Round "?"]
[White "avishai"]
[Black "Hossa"]
[Result "0-1"]
[WhiteElo "2068"]
[BlackElo "2434"]
[PlyCount "66"]
[EventDate "1999.??.??"]

1. e4 c5 2. Nf3 e6 3. d4 cxd4 4. Nxd4 e5 5. Nb5 a6 6. Nd6+ Bxd6 7. Qxd6 Qe7 8.
Qc7 Nc6 9. Nc3 Nb4 10. Bd3 d5 11. Qb6 Be6 12. O-O d4 13. Ne2 Rc8 14. f4 Nxc2
15. f5 Nxa1 16. fxe6 fxe6 17. Bd2 Nc2 18. Rc1 Rc6 19. Qa7 Qc7 20. a3 Ne7 21.
Qa8+ Nc8 22. Rf1 Rf8 23. Rxf8+ Kxf8 24. Ng3 Kg8 25. h4 Qb6 26. h5 Rc5 27. h6
Qxb2 28. Nh5 Nxa3 29. Nxg7 Qxd2 30. Nxe6 Qe3+ 31. Kh2 Qxh6+ 32. Kg1 Rc1+ 33.
Kf2 33... Qe3# {avishai checkmated} 0-1

[Event "ICS Rated blitz match"]
[Site "204.178.125.65"]
[Date "1999.08.14"]
[Round "?"]
[White "Hossa"]
[Black "avishai"]
[Result "1-0"]
[WhiteElo "2437"]
[BlackElo "2065"]
[PlyCount "71"]
[EventDate "1999.??.??"]

1. e4 e5 2. Nf3 Nc6 3. Bc4 Nf6 4. Ng5 d5 5. exd5 b5 6. dxc6 bxc4 7. Qe2 Qd5 8.
f4 Bd6 9. fxe5 Bxe5 10. Nc3 Qc5 11. Nf3 O-O 12. Na4 Qa5 13. Nxe5 Re8 14. b4
cxb3 15. Bb2 Qxa4 16. axb3 Qf4 17. Ra4 Qg5 18. O-O a5 19. Rf3 Ba6 20. Qe3 Qxe3+
21. Rxe3 Nd5 22. Rg3 f6 23. Nf3 Kf7 24. Rxa5 Be2 25. Rxd5 Ra2 26. Rd7+ Re7 27.
Rxg7+ Kxg7 28. Rxe7+ Kg6 29. Bc3 Ra7 30. Rxe2 Ra6 31. Re6 Kf7 32. Rxf6+ Ke7 33.
Rh6 Kd8 34. Re6 h5 35. Bf6+ Kc8 36. Re8# {avishai checkmated} 1-0

[Event "ICS rated blitz match"]
[Site "204.178.125.65"]
[Date "1999.08.14"]
[Round "?"]
[White "avishai"]
[Black "Hossa"]
[Result "0-1"]
[WhiteElo "2062"]
[BlackElo "2440"]
[PlyCount "20"]
[EventDate "1999.??.??"]

1. e4 c5 2. Nf3 e6 3. d4 cxd4 4. Nxd4 e5 5. Nb5 a6 6. Nd6+ Bxd6 7. Qxd6 Qe7 8.
Qc7 Nc6 9. Bd3 d5 10. Nc3 10... Qxc7 {avishai resigns} 0-1

[Event "ICS rated blitz match"]
[Site "204.178.125.65"]
[Date "1999.08.14"]
[Round "?"]
[White "Hossa"]
[Black "wimpy"]
[Result "1-0"]
[WhiteElo "2443"]
[BlackElo "2072"]
[PlyCount "117"]
[EventDate "1999.??.??"]

1. e4 c5 2. Nf3 d6 3. d4 cxd4 4. Nxd4 Nf6 5. Nc3 g6 6. Bg5 Bg7 7. Qd2 O-O 8.
O-O-O Nc6 9. Nxc6 bxc6 10. e5 Ne8 11. exd6 Nxd6 12. Bxe7 Qxe7 13. Qxd6 Qg5+ 14.
f4 Qa5 15. Qxc6 Be6 16. Bc4 Bxc4 17. Qxc4 Rac8 18. Rd5 Qb6 19. Qd3 Rfd8 20. Na4
Rxd5 21. Nxb6 Rxd3 22. Nxc8 Rd7 23. Re1 Bf6 24. g4 Kf8 25. h3 Bd4 26. c3 Bc5
27. Rd1 Rc7 28. Rd8+ Kg7 29. Kd2 h6 30. Nd6 Rc6 31. Ne4 Bb6 32. Re8 Bc7 33. Ke3
Bb6+ 34. Kf3 Rc7 35. f5 gxf5 36. gxf5 Rc6 37. b4 a6 38. a4 Bc7 39. a5 h5 40.
Rc8 Rc4 41. h4 Kh6 42. Ra8 Be5 43. Rxa6+ Kg7 44. b5 Bb8 45. Ra8 Bc7 46. b6 Bxb6
47. axb6 Rc6 48. b7 Rb6 49. b8=Q Rxb8 50. Rxb8 f6 51. Ng3 Kf7 52. Rb7+ Ke8 53.
Nxh5 Kf8 54. c4 Ke8 55. Nxf6+ Kf8 56. Nh7+ Kg8 57. f6 Kh8 58. Ng5 Kg8 59. Rb8#
{wimpy checkmated} 1-0

[Event "ICS rated blitz match"]
[Site "204.178.125.65"]
[Date "1999.08.14"]
[Round "?"]
[White "KGB-Agent"]
[Black "Hossa"]
[Result "0-1"]
[WhiteElo "2142"]
[BlackElo "2454"]
[PlyCount "89"]
[EventDate "1999.??.??"]

1. e4 c5 2. Nc3 Nc6 3. g3 g6 4. Bg2 Bg7 5. d3 d6 6. Be3 f5 7. Qd2 fxe4 8. Bxe4
Nf6 9. Bg2 e5 10. Bh6 Bxh6 11. Qxh6 Nd4 12. O-O-O Ng4 13. Qd2 Rf8 14. f3 Nf6
15. Nge2 Qa5 16. Kb1 Be6 17. a3 Nxe2 18. Qxe2 O-O-O 19. Ne4 Qa4 20. Nxf6 Rxf6
21. Qe4 Qd4 22. Qxd4 cxd4 23. Rhf1 Rdf8 24. Rf2 Bd5 25. Rdf1 g5 26. h3 h5 27.
Kc1 g4 28. hxg4 hxg4 29. f4 Bxg2 30. Rxg2 exf4 31. gxf4 Rxf4 32. Rxf4 Rxf4 33.
Kd2 a5 34. c3 dxc3+ 35. bxc3 Kd7 36. Ke3 Ra4 37. Ra2 b5 38. Rb2 Kc6 39. Rb3 d5
40. d4 g3 41. Kf3 Rc4 42. Kxg3 a4 43. Rb4 Rxc3+ 44. Kf4 Rb3 45. Ke5 {
KGB-Agent resigns} 0-1